Normal view
MARC view
- Venkatachari K
Entry Personal Name
001 - CONTROL NUMBER
- control field: 118232
003 - CONTROL NUMBER IDENTIFIER
- control field: OSt
005 - DATE AND TIME OF LATEST TRANSACTION
- control field: 20230125045717.0
008 - FIXED-LENGTH DATA ELEMENTS
- fixed length control field: 230125|| aca||aabn | a|a d
040 ## - CATALOGING SOURCE
- Original cataloging agency: OSt
- Transcribing agency: OSt
100 ## - HEADING--PERSONAL NAME
- Personal name: Venkatachari K
670 ## - SOURCE DATA FOUND
- Source citation: Work cat.: (OSt)96243: Venkatachari K, Fundamentals of Business Analytics Using Excel And R : Practical Manual For Beginners, 2019